00333pab a2200121 454500008004000000100001700040245006500057260000900122300001400131362001200145650001500157773003900172180718b2010 xxu||||| |||| 00| 0 eng d aJha, Praveen aLabour regulation and economic performance: What do we know? c2010 ap.89-111. aJan-Mar aLabour law aIndian Journal of Labour Economics